000 01106nam a2200289 a 4500
001 000002438
005 20260313133855.0
008 090702s2009 dr 000 0 spa d
020 _a9789945162875
040 _aDO-SdBNP
_bspa
_cBNPHU
082 _a650.1
_bM538f
100 1 _aMéndez, Wagner,
_d1966-
_9731
245 1 3 _aEl firmamento es tu límite :
_bestrategias y tácticas para la excelencia profesional /
_cWagner Méndez ; prólogo Francisco Méndez.
260 _aSanto Domingo :
_bWagner Management Group,
_c2009.
300 _a132 p. ;
_c22 cm.
500 _aLa biblioteca posee cuatro ejemplares autografiados por el autor.
590 _aInventariado, 2018/ YL
650 4 _aPredicción del éxito laboral
_97708
650 4 _aMotivación en el empleo
_97709
650 4 _aExito en los negocios
_97710
650 4 _aRendimiento laboral
_97711
650 0 _aResponsabilidad profesional
_97712
650 4 _aMotivación para el rendimiento
_97713
650 0 _aFormación profesional
_97714
700 1 _aMéndez, Francisco,
_epról.
_97715
910 _aValidado. Control de calidad MMOLINA
999 _c2274
_d2274